Mono-material: Monolithic, homogeneous and circular construction (Record no. 396736)

MARC details
000 -LEADER
fixed length control field 00564 a2200205 4500
005 - DATE & TIME
control field 20260402142006.0
008 - FIXED-LENGTH DATA ELEMENTS--GENERAL INFORMATION
fixed length control field 260402b |||||||| |||| 00| 0 eng d
020 ## - ISBN
International Standard Book Number 9783035626063
Price € 42.00
040 ## - CATALOGING SOURCE
Original cataloging agency VIVEKANANDA LIBRARY
082 ## - DDC NUMBER
Classification number 720.47
Book Number B633M
100 ## - MAIN ENTRY--PERSONAL NAME
Personal name Boettger, Till
245 ## - TITLE STATEMENT
Title Mono-material: Monolithic, homogeneous and circular construction
260 ## - PUBLICATION, DISTRIBUTION, ETC. (IMPRINT)
Name of publisher, distributor, etc Birkhäuser
Date of publication, distribution, etc 2023
Place of publication, distribution, etc Berlin
300 ## - PHYSICAL DESCRIPTION
Pages 205
650 ## - Subject
Subject Architecture
650 ## - Subject
Subject Mono- Material Construction
650 ## - Subject
Subject Building Materials
700 ## - Added Entry Personal Name
Added Entry Personal Name Knauer, Ulrike
942 ## - ADDED ENTRY ELEMENTS (KOHA)
Koha item type Books
Holdings
Withdrawn status Lost status Source of classification or shelving scheme Damaged status Not for loan Location (home branch) Sublocation or collection (holding branch) Shelving location Date acquired Koha issues (times borrowed) Koha full call number Accession No. Koha date last seen Koha item type
    Dewey Decimal Classification     VIVEKANANDA LIBRARY VIVEKANANDA LIBRARY UIET Library 06/02/2026   720.47 B633M 431022 06/02/2026 Books
© Designed and Maintained by Vivekananda Library, MDU Rohtak